Technology by Letter: I - Statistics

General Stats
  • This quiz has been taken 27 times
  • The average score is 8 of 14
Answer Stats
Hint Answer % Correct
Writing liquid Ink
100%
Where your emails arrive Inbox
90%
Global network of computers Internet
86%
Portable music player from Apple Inc. iPod
86%
Network of semiconductors (e.g., on a chip) Integrated Circuit (IC)
81%
Chemical element that named an age in human history Iron
76%
Frozen milk product Ice cream
71%
Popular painkiller Ibuprofen
62%
Large-scale watering of crop plants Irrigation
62%
Big Blue computer company IBM
57%
Acronym for data storage and processing in general IT
29%
Global body for standardization (short form) ISO
19%
Light source that is more of a heat source Incandescent light bulb
10%
Russian aircraft brand Ilyushin
5%
No matching quizzes found
Score Distribution
Percent of People with Each Score
Percentile by Number Answered
Your Score History
You have not taken this quiz